000 01056nam a2200217 i 4500
001 83123
003 ES-MaACL
005 20250726072721.0
007 t|
008 180601s1923 sp ||||1| spa d
100 1 _aVega del Sella, Ricardo
_cDuque de Estrada y Martínez de Morentín, Conde de la Vega del Sella.
_9164836
245 1 3 _aEl asturiense :
_bnueva industria preneolítica /
_cpor el conde de la Vega del Sella.
260 _aMadrid :
_bMuseo Nacional de Ciencias Naturales,
_c1923.
300 _a56 p :
_bil. ;
_c27 cm.
490 1 _aComisión de Investigaciones Paleontológicas y Prehistóricas. Memoria ;
_v32, Sección prehistórica, 27
594 _aPrecede al tít.: Junta para la Ampliación de Estudios e Investigaciones Científicas.
651 4 _aAsturias (Comunidad Autónoma)-
_xRestos arqueológicos prehistóricos.
_9164882
830 0 0 _aComisión de Investigaciones Paleontológicas y Prehistóricas. Memoria
_v32, Sección prehistórica, 27
_9183771
852 _aES-MaACL
_jB-13007(4)
999 _c83123
_d83123